| 000 | 01112cam a22003494a 4500 | ||
|---|---|---|---|
| 001 | 15415438 | ||
| 003 | mut | ||
| 005 | 20240606081047.0 | ||
| 008 | 080816s2009 njua 001 0 eng | ||
| 010 | _a 2008276664 | ||
| 020 | _a9780135137208 (pbk.) | ||
| 020 | _a0135137209 (pbk.) | ||
| 040 |
_aDLC _cDLC _dDLC |
||
| 050 | 0 | 0 |
_aQA76.5 _b.E9195 2009 |
| 082 | 0 | 0 |
_a004.16 _222 |
| 100 | 1 |
_aEvans, Alan _q(Alan D.) |
|
| 245 | 1 | 0 | _aTechnology in action / |
| 246 | 1 |
_iAt head of title: _aGo! |
|
| 250 | _a5th ed. | ||
| 260 |
_aUpper Saddle River, N.J. : _bPearson/Prentice Hall, _cc2009. |
||
| 300 |
_axxxi, 703 p. : _bcol. ill. ; _c28 cm. + _e1 CD-ROM (4 3/4 in.) |
||
| 500 | _aIncludes index. | ||
| 650 | 0 | _aMicrocomputers. | |
| 650 | 0 | _aComputer science. | |
| 650 | 0 | _aComputer networks. | |
| 650 | 0 | _aInformation technology. | |
| 700 | 1 | _aMartin, Kendall. | |
| 700 | 1 | _aPoatsy, Mary Anne. | |
| 906 |
_a7 _bcbc _corigcop _d2 _encip _f20 _gy-gencatlg |
||
| 942 |
_2lcc _cBK |
||
| 999 |
_c8005 _d8005 |
||